Anjing

Bibliographic Details
Format: Book

MARC

LEADER 00000cam a2200000 7i4500
001 0000009642
002 000010505
005 20011210.0
020 |a 9836233164 
090 0 0 |a 590   |b AJN 
245 0 0 |a Anjing 
999 |a 054112   |b BUKU   |c PINJAMAN   |e PERPUSTAKAAN KOMUNITI CAW KOTA DAMANSARA 
999 |a 054113   |b BUKU   |c PINJAMAN   |e PERPUSTAKAAN KOMUNITI CAW KOTA DAMANSARA